| 000 | 01117nam a2200289 a 4500 | ||
|---|---|---|---|
| 999 |
_c20221 _d20221 |
||
| 005 | 20180803170449.0 | ||
| 008 | 140424s2012 ck a gr 00010 spa d | ||
| 020 | _a9789587530599 | ||
| 020 | _a9789587530582 (obra completa) | ||
| 040 |
_aCO-BoBLA _cCO-BoBLA _dCO-BoIAVH |
||
| 041 | 0 | _aspa | |
| 044 | _ack | ||
| 082 | 0 | 4 |
_a306.409861 _bP14h |
| 100 | 1 |
_aDíaz Piedrahíta, Santiago _d1944-2014 _eautor |
|
| 245 | 1 | 4 |
_aLas hojas de las plantas como envoltura de alimentos / _cSantiago Díaz Piedrahita ; ilustraciones de Manuel Estrada. |
| 250 | _aSegunda edición. | ||
| 260 |
_aBogotá (Colombia) : _bMinisterio de Cultura, _c2012. |
||
| 300 |
_a115 páginas : _bilustraciones ; _c21 x 17 cm. |
||
| 490 | 0 |
_aBiblioteca básica de cocinas tradicionales de Colombia ; _v12 |
|
| 504 | _aIncluye referencias bibliográficas: páginas 113-114. | ||
| 650 | 2 | 6 |
_aAlimentos _xEnvase _xHojas |
| 650 | 2 | 6 |
_aHojas _xAlimentos |
| 650 | 2 | 4 | _aEnvoltura de alimentos |
| 650 | 2 | 6 | _aPlantas útiles |
| 700 | 1 |
_aEstrada Delgado, Manuel _d1929- _eilustrador |
|
| 942 |
_2ddc _cLIBRO |
||